Интеллектуальные системы в машино- и приборостроении (Запись № 1243138)
[ простой вид ]
| 000 -МАРКЕР | |
|---|---|
| контрольное поле | 02142nam1a2200349 i 4500 |
| 001 - ИДЕНТИФИКАТОР ЗАПИСИ | |
| контрольное поле | RU\NLR\bibl\217983 |
| 005 - ИДЕНТИФИКАТОР ВЕРСИИ | |
| контрольное поле | 20260407070809.0 |
| 035 ## - ДРУГИЕ СИСТЕМНЫЕ НОМЕРА | |
| Идентификатор записи | (NLR Aleph) 000214070 |
| 100 ## - ДАННЫЕ ОБЩЕЙ ОБРАБОТКИ | |
| Данные общей обработки | 20020110g20019999u y0rusy50 ca |
| 101 0# - ЯЗЫК РЕСУРСА | |
| Язык текста, звукозаписи и т.д. | русский |
| 102 ## - СТРАНА ПУБЛИКАЦИИ ИЛИ ПРОИЗВОДСТВА | |
| Страна публикации | Российская Федерация |
| 105 ## - ПОЛЕ КОДИРОВАННЫХ ДАННЫХ: ТЕКСТОВЫЕ МАТЕРИАЛЫ, МОНОГРАФИЧЕСКИЕ | |
| Кодированные данные о монографическом текстовом документе | a ||||||||| |
| 200 1# - ЗАГЛАВИЕ И СВЕДЕНИЯ ОБ ОТВЕТСТВЕННОСТИ | |
| Основное заглавие | Интеллектуальные системы в машино- и приборостроении |
| Сведения, относящиеся к заглавию | Конспект лекций |
| Первые сведения об ответственности | [Кузнецов К.А., Цибизов П.Н.] |
| Последующие сведения об ответственности | М-во образования Рос. Федерации, Пенз. гос. ун-т. [Каф. приборостроения] |
| 210 ## - ПУБЛИКАЦИЯ, РАСПРОСТРАНЕНИЕ И ДР. | |
| Место издания, распространения и т.д. | Пенза |
| Имя издателя, распространителя и т. д. | Изд-во Пенз. гос. ун-та |
| Дата издания, распространения и т.д. | 2001 |
| 215 ## - ФИЗИЧЕСКАЯ ХАРАКТЕРИСТИКА | |
| Размеры | 20 |
| 300 ## - ОБЩИЕ ПРИМЕЧАНИЯ | |
| Текст примечания | Авт. указаны перед вып. дан. |
| 463 #0 - УРОВЕНЬ ФИЗИЧЕСКОЙ ЕДИНИЦЫ | |
| Встроенное поле | 001213298 |
| 606 ## - НАИМЕНОВАНИЕ ТЕМЫ КАК ПРЕДМЕТ | |
| Наименование темы | Машиностроение |
| Формальный подзаголовок | Руководства, пособия и т.п. для высшей школы |
| Тематический подзаголовок | Автоматизация |
| Системный номер авторитетной/нормативной записи | 1125353 |
| Идентификатор авторитетной/нормативной записи | RU\NLR\auth\66126776 |
| 606 ## - НАИМЕНОВАНИЕ ТЕМЫ КАК ПРЕДМЕТ | |
| Наименование темы | Машиностроение |
| Формальный подзаголовок | Учебные издания для высшей школы |
| Тематический подзаголовок | Автоматизация |
| Системный номер авторитетной/нормативной записи | 1125353 |
| Идентификатор авторитетной/нормативной записи | RU\NLR\auth\66126776 |
| 606 0# - НАИМЕНОВАНИЕ ТЕМЫ КАК ПРЕДМЕТ | |
| Наименование темы | Приборостроение |
| Формальный подзаголовок | Руководства, пособия и т.п. для высшей школы |
| Тематический подзаголовок | Автоматизация |
| Системный номер авторитетной/нормативной записи | 1125371 |
| Идентификатор авторитетной/нормативной записи | RU\NLR\auth\66126799 |
| 606 0# - НАИМЕНОВАНИЕ ТЕМЫ КАК ПРЕДМЕТ | |
| Наименование темы | Приборостроение |
| Формальный подзаголовок | Учебные издания для высшей школы |
| Тематический подзаголовок | Автоматизация |
| Системный номер авторитетной/нормативной записи | 1125371 |
| Идентификатор авторитетной/нормативной записи | RU\NLR\auth\66126799 |
| 686 ## - ИНДЕКСЫ ДРУГИХ КЛАССИФИКАЦИЙ | |
| Индекс | К5-5-05я73-2 |
| 700 #1 - ИМЯ ЛИЦА - ПЕРВИЧНАЯ ОТВЕТСТВЕННОСТЬ | |
| Код отношения | Автор |
| Графика поля | Кириллица |
| Материалы, к которым относится поле | rus |
| Начальный элемент ввода | Кузнецов |
| Часть имени, кроме начального элемента ввода | К. А. |
| Дополнения к именам, кроме дат | канд. техн. наук, часовое пр-во |
| Расширение инициалов личного имени | Константин Алексеевич |
| Системный номер авторитетной/нормативной записи | 241447 |
| Идентификатор авторитетной/нормативной записи | RU\NLR\AUTH\770241503 |
| 701 #1 - ИМЯ ЛИЦА - АЛЬТЕРНАТИВНАЯ ОТВЕТСТВЕННОСТЬ | |
| Начальный элемент ввода | Цибизов |
| Часть имени, кроме начального элемента ввода | П. Н. |
| Расширение инициалов личного имени | Павел Николаевич |
| Код отношения | Автор |
| 711 02 - НАИМЕНОВАНИЕ ОРГАНИЗАЦИИ - АЛЬТЕРНАТИВНАЯ ОТВЕТСТВЕННОСТЬ | |
| Начальный элемент ввода | Пензенский государственный университет |
| Структурное подразделение | Кафедра "Приборостроение" |
| Идентификатор авторитетной/нормативной записи | RU\NLR\AUTH\8810034311 |
| Системный номер авторитетной/нормативной записи | 566946 |
| 801 #0 - ИСТОЧНИК ЗАПИСИ | |
| Страна | Российская Федерация |
| Организация | NLR |
| Дата составления | 20020110 |
| Правила каталогизации | PSBO |
| 801 #1 - ИСТОЧНИК ЗАПИСИ | |
| Страна | Российская Федерация |
| Организация | NLR |
| Дата составления | 20020110 |
| 852 ## - МЕСТОНАХОЖДЕНИЕ И ШИФР ХРАНЕНИЯ | |
| Идентификатор организации | NLR |
| Шифр хранения (Call Number) | 2001-4/13036 |
| 942 ## - ДОПОЛНИТЕЛЬНЫЕ ЭЛЕМЕНТЫ ЗАПИСИ (АБИС) | |
| Тип экземпляра АБИС | Книга |
Нет доступных экземпляров.